Flags of Single Border Countries - Sudden Death - Statistics

General Stats
  • This quiz has been taken 33 times
  • The average score is 8 of 15
Answers on the Grid
Answers color-coded by a green-red scale on the quiz's grid according to % correct below.
 
Answer Stats
Answer % Correct
82%
73%
68%
68%
64%
59%
50%
45%
45%
41%
41%
41%
41%
41%
36%
No matching quizzes found
Score Distribution
Percent of People with Each Score
Percentile by Number Answered
Your Score History
You have not taken this quiz